000 00502nam a2200157Ia 4500
008 230907s9999||||xx |||||||||||||| ||und||
082 _a620
_bMUD
100 _aMuhammad Muddasar (00000318393)
_9116590
245 0 _aEnhanced Bioenergy Production Using Wastewater in Hybrid - Microbial Electrolysis Cell (MEC) /
260 _aUSPCAS-E, NUST,
_bIslamabad :
_c2021
300 _a78 p.
520 _aTH-283
650 _aMS-ESE Thesis
_9116591
700 _aDr. Rabia Liaquat
_928881
942 _cTHE
_2ddc
999 _c601961
_d601961